000 00487nam a22001697a 4500
005 20251108164225.0
008 250721s1985 xx 000 0 ara d
082 1 4 _a916/جود
100 1 _aهيكل، جودة حسنين
245 1 0 _aجغرافيا إفريقيا الإقليمية /
264 1 _aالإسكندرية :
_bمنشأة المعارف،
_c1985.
300 _a672 ص
650 1 7 _aإفريقيا
650 1 7 _aالجغرافيا
942 _2ddc
_cBK
999 _c6797
_d6797